000 01222nam a22002657a 4500
005 20240530110555.0
008 160224s2008 ua f 000 0dara d
017 _a2008/14517
_bمصر . دار الكتب المصرية
020 _a9774378210
040 _aEG-CaGPL
082 0 4 _221
_a962.071
_bق/ب س
100 1 _aبيلانوجوف ، الكسندر
245 1 0 _aسفير فى بلد الاهرام :
_bمن ذكريات دبلوماسى /
_cتاليف الكسندر بيلانوجوف ؛ ترجمة و تقديم على فهمى عبدالسلام ؛ مراجعة اوليج ايفانوفيش فومين
250 _aط1
260 _aالقاهرة :
_bالمركز القومى للترجمة ،
_c2008 .
300 _a451 ص ؛
_c24 سم .
490 _aالمشروع القومى للترجمة ؛
_v1282
600 0 4 _aجمال عبدالناصر
_d1956 - 1970
651 0 4 _aمصر
_xالسياسة الخارجية
651 0 4 _aمصر
_xالحياة الاجتماعية
700 0 _aعلى فهمى عبدالسلام
_eمترجم و مقدم
700 1 _aفومين ، اوليج ايفانوفيش
_eمراجع
942 _2ddc
_cBK
999 _c62539
_d62539